000 00347nam a2200133Ia 4500
005 20251013221656.0
008 251010s9999 xx 000 0 und d
041 _amar
100 _aकानेटकर व.
_9214532
245 _aनिवडक कविता गिरीश
250 _a1ST
260 _bIndrayani
_c1993
300 _a141
999 _c368824
_d368824